<?xml version="1.0" encoding="UTF-8"?>
<record
    xmlns:xsi="http://www.w3.org/2001/XMLSchema-instance"
    xsi:schemaLocation="http://www.loc.gov/MARC21/slim http://www.loc.gov/standards/marcxml/schema/MARC21slim.xsd"
    xmlns="http://www.loc.gov/MARC21/slim">

  <leader>00363pam a2200145a 44500</leader>
  <controlfield tag="008">230405s    xxu||||| |||| 00| 0 eng d</controlfield>
  <datafield tag="041" ind1=" " ind2=" ">
    <subfield code="a">ENG</subfield>
  </datafield>
  <datafield tag="100" ind1=" " ind2=" ">
    <subfield code="a">HAJARE ASHOK</subfield>
  </datafield>
  <datafield tag="245" ind1=" " ind2=" ">
    <subfield code="a">PRACTICAL PHARMACEUTICS  (PHYSICAL PHARMACY)</subfield>
  </datafield>
  <datafield tag="250" ind1=" " ind2=" ">
    <subfield code="a">1 2004</subfield>
  </datafield>
  <datafield tag="260" ind1=" " ind2=" ">
    <subfield code="a">KOLHAPUR</subfield>
    <subfield code="b">MANAS PRAKASHAN KOLHAPUR</subfield>
    <subfield code="c"></subfield>
  </datafield>
  <datafield tag="300" ind1=" " ind2=" ">
    <subfield code="a">229</subfield>
  </datafield>
  <datafield tag="650" ind1=" " ind2=" ">
    <subfield code="a">PHARMACEUTICS</subfield>
  </datafield>
  <datafield tag="906" ind1=" " ind2=" ">
    <subfield code="a">1136</subfield>
  </datafield>
  <datafield tag="999" ind1=" " ind2=" ">
    <subfield code="c">266575</subfield>
    <subfield code="d">266575</subfield>
  </datafield>
  <datafield tag="952" ind1=" " ind2=" ">
    <subfield code="0">0</subfield>
    <subfield code="1">0</subfield>
    <subfield code="4">0</subfield>
    <subfield code="7">0</subfield>
    <subfield code="8">C</subfield>
    <subfield code="a">PCK</subfield>
    <subfield code="b">PCK</subfield>
    <subfield code="d">2005-07-01</subfield>
    <subfield code="e">MANAS PRAKASHAN</subfield>
    <subfield code="g">90.00</subfield>
    <subfield code="l">0</subfield>
    <subfield code="o">615.19028</subfield>
    <subfield code="p">PCK-2346</subfield>
    <subfield code="r">2023-04-14 00:00:00</subfield>
    <subfield code="w">2023-04-14</subfield>
    <subfield code="y">BK</subfield>
  </datafield>
  <datafield tag="952" ind1=" " ind2=" ">
    <subfield code="0">0</subfield>
    <subfield code="1">0</subfield>
    <subfield code="4">0</subfield>
    <subfield code="7">0</subfield>
    <subfield code="8">C</subfield>
    <subfield code="a">PCK</subfield>
    <subfield code="b">PCK</subfield>
    <subfield code="d">2005-07-01</subfield>
    <subfield code="e">MANAS PRAKASHAN</subfield>
    <subfield code="g">90.00</subfield>
    <subfield code="l">1</subfield>
    <subfield code="o">615.19028</subfield>
    <subfield code="p">PCK-2344</subfield>
    <subfield code="q">2024-08-28</subfield>
    <subfield code="r">2024-08-28 00:00:00</subfield>
    <subfield code="s">2024-08-28</subfield>
    <subfield code="w">2023-04-14</subfield>
    <subfield code="y">BK</subfield>
  </datafield>
  <datafield tag="952" ind1=" " ind2=" ">
    <subfield code="0">0</subfield>
    <subfield code="1">0</subfield>
    <subfield code="4">0</subfield>
    <subfield code="7">0</subfield>
    <subfield code="8">C</subfield>
    <subfield code="a">PCK</subfield>
    <subfield code="b">PCK</subfield>
    <subfield code="d">2004-07-01</subfield>
    <subfield code="e">MANAS PRAKASHAN</subfield>
    <subfield code="g">90.00</subfield>
    <subfield code="l">0</subfield>
    <subfield code="o">615.19028</subfield>
    <subfield code="p">PCK-2342</subfield>
    <subfield code="r">2023-04-14 00:00:00</subfield>
    <subfield code="w">2023-04-14</subfield>
    <subfield code="y">BK</subfield>
  </datafield>
</record>
